Reinventing government how the entrepreneurial spirit is transforming the public sector

Salvato in:
Dettagli Bibliografici
Autore principale: Osborne, David
Altri autori: Gaebler, Ted
Natura: Libro
Lingua:inglese
Pubblicazione: New York Plume 1993
Soggetti:
Tags: Aggiungi Tag
Nessun Tag, puoi essere il primo ad aggiungerne!!

MARC

LEADER 00000nam a2200000 4500
001 0144797
005 20221205071639.1
020 |a 978-0-452-26942-2 
041 0 |a eng 
044 |a US 
245 1 0 |a Reinventing government  |b how the entrepreneurial spirit is transforming the public sector  |c David Osborne and Ted Gaebler 
264 1 |a New York  |b Plume  |c 1993 
300 |a xxii, 405 s. 
610 2 0 |a riadenie 
610 2 0 |a formy riadenia 
610 2 0 |a podnikanie 
610 2 0 |a vláda 
610 2 0 |a formy vládne 
610 2 0 |a sektor verejný 
610 2 0 |a byrokracia 
610 2 0 |a moc výkonná 
610 2 0 |a moc štátna 
610 2 0 |a sektor štátny 
610 2 0 |a štát 
610 2 0 |a orgány zastupiteľské 
610 2 0 |a USA 
100 1 |a Osborne, David 
700 1 |a Gaebler, Ted